Las 9 muertes del Padre Metri

Saved in:
Bibliografiske detaljer
Main Authors: Jerónimo del rey (Author), Castellani, Leonardo (Author)
Format: Bog
Sprog:spansk
Udgivet: Buenos Aires Ediciones C.E.P.A 1942
Fag:
Tags: Tilføj Tag
Ingen Tags, Vær først til at tagge denne postø!

MARC

LEADER 00000nam a2200000 a 4500
001 UCT5573
003 CL-VaPUC
008 961216e19420000AG |||||||||||||||||spa|d
082 0 4 |a Ar863  |b JER  |2 21 
100 0 |a Jerónimo del rey  |e author  |9 375125 
700 0 |a Castellani, Leonardo  |e author  |9 375126 
245 1 4 |a Las 9 muertes del Padre Metri 
300 |a 248 p 
942 |c BK 
945 |d 19961216 00:00:00  |a nastorga 
260 |a Buenos Aires  |b Ediciones C.E.P.A  |c 1942 
650 7 |a CUENTOS ARGENTINOS  |2 CL-VaPUC  |9 375127 
583 |a last modification  |c 19961216 00:00:00  |k Rodrigo Vera 
999 |c 254476  |d 254474 
952 |0 0  |1 0  |4 0  |6 AR_863_000000000000000_JER_1942  |7 0  |8 A  |9 276173  |a BIBEDU  |b BIBEDU  |d 2019-11-19  |i 3259455  |o Ar863 JER 1942  |p 3259455  |r 2019-11-19  |w 2019-11-19  |y BK  |k LIT